De la fiesta al festival Los movimientos sociales para el disfrute de la vida en Puerto Rico/
Gorde:
| Erakunde egilea: | |
|---|---|
| Beste egile batzuk: | |
| Formatua: | Procedimiento de la Conferencia Liburua |
| Hizkuntza: | Spanish |
| Argitaratua: |
San José, Costa Rica:
Universidad de Costa Rica. Instituto de Investigaciones Sociales
1988
|
| Etiketak: |
Etiketa erantsi
Etiketarik gabe, Izan zaitez lehena erregistro honi etiketa jartzen!
|
MARC
| LEADER | 00000nam a22000007a 4500 | ||
|---|---|---|---|
| 003 | cru CIDCACS/IIS | ||
| 005 | 20221119062549.0 | ||
| 008 | 221018b1988 cr ||||| |||| 00| 0 spa d | ||
| 040 | |b spa |c cru CIDCACS/IIS |d cru CIDCACS/IIS | ||
| 090 | |a 05.03.07 |b S471d | ||
| 111 | 1 | |9 10771 |a Seminario sobre Movimientos Sociales y Estructuras Políticas |c San José Costa Rica |d 05 al 09 de setiembre 1988 | |
| 245 | |a De la fiesta al festival |b Los movimientos sociales para el disfrute de la vida en Puerto Rico/ |c Quintero Rivera, A.G. | ||
| 260 | |a San José, Costa Rica: |b Universidad de Costa Rica. Instituto de Investigaciones Sociales |c 1988 | ||
| 300 | |a 49 páginas | ||
| 700 | 1 | |a Quintero Rivera, Ángel G. |9 6042 | |
| 942 | |2 z |c LITG | ||
| 999 | |c 44606 |d 44606 | ||
